000 00756nab a2200241 u 4500
001 15349
003 HDC
007 cr bn ---aaaaa
008 210218c my dr|nes 0 |0eng
040 _aHDC
245 0 _aDubai Islamic plans halal investment
260 _aDubai :
_bAl Nisr Publishing,
_c2008
336 _atext
_2rdacontent
337 _acomputer
_2rdamedia
338 _aonline resource
_2rdacarrier
650 _aHalal industry
_9144
650 _aHalal investment
_96900
710 _aGulfnews.com
856 _zRequest full-text at [email protected]
942 _2lcc
942 _cNEWS
942 _kNWSO 004650
999 _c12665
_d12665